00913cpcaa2200217 4500001001300000003000400013005001700017008004100034010001700075040002400092072001200116100004100128245020800169300001300377300001800390506002200408520019000430546003600620650002200656999001700678mm 81014183 DLC20260227111707.0810401|||||||||||| eng  amm 81014183  aDLCedacscDLCdDLC 7aC2lcmd1 aBruce, Alexander,dactive 1776-1795.00aAn enquiry into the principal causes of the wide destruction of mankind in time of war & of the slow ineffectual progress and permanancy of military and naval operations in general :kpapers,f1776-1795. a1fitem. a1fcontainer.0 aOpen to research.8 aVolume written in the hand of a secretary with marginal notations by Bruce and contemporary copies of letters (1776-1781). First edition was published anonymously at Edinburgh in 1795. aCollection material in English. 0aMilitary history. c43065d43065